La plus large victoire de chaque équipe du classement FIFA - Statistiques

Statistiques générales
  • Ce quiz a été pris 41 fois
  • Le résultat moyen est 122 sur 211
Statistiques - réponses
Pays Score Date Réponse % Correct
Estonie 6-0 1928, 2017 Lituanie, Gibraltar
97%
France 14-0 18 novembre 2023 Gibraltar
95%
Chypre 5-0 2000,2014,2019 Andorre (2), Saint-Marin
92%
Slovaquie 7-0 2004,2007,2009 Liechtenstein, Saint-Marin (2)
92%
Belgique 10-1 28 février 2001 Saint-Marin
92%
Pays-Bas 11-0 2 septembre 2011 Saint-Marin
92%
Croatie 10-0 4 juin 2016 Saint-Marin
92%
Ukraine 9-0 6 septembre 2013 Saint-Marin
92%
Pologne 10-0 1er avril 2009 Saint-Marin
92%
Russie 9-0 8 juin 2019 Saint-Marin
92%
Monténégro 6-0 11 septembre 2012 Saint-Marin
92%
Azerbaïdjan 5-1 4 septembre 2017 Saint-Marin
92%
Andorre 3-0 12 octobre 2021 Saint-Marin
92%
Turquie 7-0 1949,1954,1996 Syrie, Corée du Sud, Saint-Marin
92%
Macédoine du Nord 11-1 9 septembre 1996 Liechtenstein
84%
Islande 7-0 26 mars 2023 Liechtenstein
84%
Bosnie 8-1 7 septembre 2012 Liechtenstein
84%
Îles Féroé 5-1 7 juin 2021 Liechtenstein
84%
Malte 7-1 26 mars 2008 Liechtenstein
84%
Gibraltar 2-0 16 novembre 2022 Liechtenstein
84%
Saint-Marin 1-0 28 avril 2004 Liechtenstein
84%
Danemark 17-1 22 octobre 1908 France
79%
Hongrie 13-1 12 juin 1927 France
79%
Suède 12-0 1927, 1948 Lettonie, Corée du Sud
79%
République tchèque 8-1 4 juin 2005 Andorre
76%
Angleterre 13-0 8 février 1882 Irlande
74%
Pays de Galles 11-0 3 mars 1888 Irlande
74%
Chili 7-0 1979,1997,2016 Venezuela, Arménie, Mexique
71%
Afrique du Sud 8-0 17 septembre 1955 Australie
68%
Portugal 9-0 11 septembre 2023 Luxembourg
68%
Liechtenstein 4-0 13 octobre 2004 Luxembourg
68%
Kosovo 5-0 2018, 2022 Malte, Burkina Faso
68%
Allemagne 16-0 1er juillet 1912 Russie
68%
Serbie 6-1 2007,2008,2012 Azerbaïdjan, Bulgarie, Pays de Galles
66%
Paraguay 7-0 1949, 2010 Bolivie, Hong Kong
66%
Albanie 6-1 12 août 2009 Chypre
66%
Finlande 10-2 11 août 1922 Estonie
66%
Lettonie 9-0 18 août 1942 Estonie
66%
Lituanie 7-0 20 mai 1995 Estonie
66%
Italie 9-0 2 août 1948 États-Unis
66%
São Tomé-et-Príncipe 2-0 1999, 2000 Guinée équatoriale, Sierra Leone
66%
Bolivie 9-2 3 mars 2000 Haïti
66%
Autriche 9-0 30 avril 1977 Malte
66%
Irlande 8-0 16 novembre 1983 Malte
66%
Kazakhstan 7-0 11 juin 1997 Pakistan
66%
Moldavie 5-0 18 août 1992 Pakistan
66%
Sri Lanka 7-1 4 avril 2008 Pakistan
66%
Cambodge 8-0 29 novembre 1966 Yémen du Nord
66%
Algérie 15-1 17 août 1973 Yémen du Sud
66%
Djibouti 6-1 26 février 1988 Yémen du Sud
66%
Brésil 10-1 10 avril 1949 Bolivie
63%
Uruguay 9-0 9 novembre 1927 Bolivie
63%
Liberia 5-1 14 janvier 2001 Congo
63%
Argentine 12-0 22 janvier 1942 Équateur
63%
Pérou 9-1 11 août 1938 Équateur
63%
Roumanie 9-0 14 octobre 1973 Finlande
63%
Norvège 12-0 28 juin 1946 Finlande
63%
Bulgarie 10-0 14 octobre 1968 Ghana
63%
Ouzbekistan 15-0 5 décembre 1998 Mongolie
63%
Maldives 12-0 3 décembre 2003 Mongolie
63%
Corée du Sud 16-0 29 septembre 2003 Népal
63%
Jordanie 9-0 23 juillet 2011 Népal
63%
Honduras 13-0 13 mars 1946 Nicaragua
63%
Belize 7-1 17 avril 2002 Nicaragua
63%
Slovénie 7-0 8 février 1999 Oman
63%
Syrie 13-0 6 septembre 1965 Oman
63%
Libye 21-0 1er avril 1966 Oman
63%
Soudan 15-0 2 septembre 1965 Oman
63%
Birmanie 9-0 9 novembre 1969 Singapour
63%
Gabon 7-0 2 avril 1995 Bénin
61%
Namibie 8-2 15 juillet 2000 Bénin
61%
Guinée-Bissau 7-2 3 novembre 2001 Bénin
61%
Malawi 8-1 1968, 2008 Botswana, Djibouti
61%
Arménie 7-1 29 mai 2016 Guatemala
61%
Bahreïn 10-0 29 février 2012 Indonésie
61%
Écosse 11-0 23 février 1901 Irlande du Nord
61%
Philippines 15-2 10 mai 1917 Japon
61%
Mozambique 6-1 10 août 1980 Lesotho
61%
Gambie 6-0 13 octobre 2002 Lesotho
61%
Burkina Faso 5-1 27 décembre 1961 Liberia
61%
Suisse 9-0 25 mai 1924 Lituanie
61%
Comores 4-0 22 mars 2024 Ouganda
61%
Irlande du Nord 7-0 1er février 1930 Pays de Galles
61%
Mauritanie 18-2 27 décembre 2006 Somalie
61%
Tanzanie 7-0 1er décembre 1995 Somalie
61%
Kenya 10-0 15 août 1961 Somalie française
61%
Éthiopie 10-2 1er mai 1954 Somalie française
61%
Guinée Équatoriale 4-0 2016, 2024 Soudan du Sud, Côte d'Ivoire
61%
Tunisie 8-1 1960, 2015 Taïwan, Djibouti
61%
Géorgie 8-0 12 octobre 2023 Thaïlande
61%
Maroc 13-1 6 septembre 1961 Arabie Saoudite
58%
Mexique 13-0 28 avril 1987 Bahamas
58%
Colombie 6-0 26 juin 2015 Bahreïn
58%
Nouvelle-Zélande 13-0 16 août 1981 Fidji
58%
Égypte 15-0 23 novembre 1963 Laos
58%
Singapour 11-0 15 janvier 2007 Laos
58%
Mali 6-0 1er mai 1975 Mauritanie
58%
Guinée 14-0 20 mai 1972 Mauritanie
58%
Bénin 7-0 27 décembre 1961 Mauritanie
58%
Niger 7-1 12 octobre 1990 Mauritanie
58%
Somalie 5-2 7 août 1985 Mauritanie
58%
Inde 7-1 16 décembre 1963 Sri Lanka
58%
Israël 9-0 23 mars 1988 Taïwan
58%
Cameroun 9-0 7 avril 1965 Tchad
58%
Luxembourg 6-0 26 juillet 1948 Afghanistan
55%
Turkménistan 11-0 19 novembre 2003 Afghanistan
55%
Kirghizistan 8-1 11 juin 2021 Birmanie
55%
Ouganda 10-1 9 décembre 2001 Djibouti
55%
Rwanda 9-0 13 décembre 2007 Djibouti
55%
Burundi 7-0 11 novembre 2017 Djibouti
55%
Eswatini 6-0 9 octobre 2015 Djibouti
55%
Soudan du Sud 6-0 28 mars 2017 Djibouti
55%
Zambie 11-2 5 février 1978 Eswatini
55%
Angola 7-1 23 avril 2000 Eswatini
55%
Togo 6-0 8 juin 2008 Eswatini
55%
Lesotho 5-0 14 avril 2006 Eswatini
55%
Irak 13-0 18 août 1992 Ethiopie
55%
Ghana 13-2 12 décembre 1965 Kenya
55%
Érythrée 4-1 17 décembre 2019 Kenya
55%
Bangladesh 8-0 23 décembre 1985 Maldives
55%
Seychelles 9-0 27 août 1979 Maldives
55%
Sénégal 7-0 9 octobre 2010 Maurice
55%
Botswana 6-0 1er juin 2018 Maurice
55%
Sierra Leone 5-1 1976, 1995 Niger (2)
55%
Équateur 6-0 22 juin 1975 Pérou
55%
Japon 15-0 27 septembre 1967 Philippines
55%
Liban 11-1 28 décembre 1967 Philippines
55%
Indonésie 13-1 23 décembre 2002 Philippines
55%
Malaisie 15-0 27 août 1962 Philippines
55%
Madagascar 12-0 30 août 1990 Seychelles
55%
RD Congo 10-1 22 novembre 1969 Zambie
55%
États-Unis 8-0 15 juin 2008 Barbade
53%
Émirats arabes unis 12-0 14 avril 2001 Brunei
53%
Thaïlande 10-0 24 mai 1971 Brunei
53%
Espagne 13-0 21 mai 1933 Bulgarie
53%
Nouvelle-Calédonie 18-0 1991, 2003 Guam, Micronésie
53%
Suriname 9-0 1947, 1952 Guyane française, Guyane britannique
53%
Grèce 8-0 25 novembre 1949 Syrie
53%
Arabie Saoudite 10-0 17 novembre 2015 Timor Oriental
53%
Laos 6-1 26 octobre 2010 Timor Oriental
53%
Brunei 6-2 5 novembre 2022 Timor Oriental
53%
Qatar 15-0 3 septembre 2015 Bhoutan
50%
Oman 14-0 28 mars 2017 Bhoutan
50%
République centrafricaine 6-0 22 mars 2024 Bhoutan
50%
Koweït 20-0 14 février 2000 Bhoutan
50%
Afghanistan 8-1 7 décembre 2011 Bhoutan
50%
Yémen 11-2 18 février 2000 Bhoutan
50%
Népal 7-0 26 septembre 1999 Bhoutan
50%
Timor Oriental 5-1 5 octobre 2012 Cambodge
50%
Côte d'Ivoire 11-0 27 décembre 1961 République centrafricaine
50%
Nigeria 10-0 13 juin 2022 Sao Tomé-et-Principe
50%
Cap-Vert 7-1 13 juin 2015 Sao Tomé-et-Principe
50%
République du Congo 11-0 7 juillet 1976 Sao Tomé-et-Principe
50%
Tchad 5-0 29 juin 1976 Sao Tomé-et-Principe
50%
Biélorussie 6-1 4 septembre 2014 Tadjikistan
50%
Panama 13-0 5 juin 2021 Anguilla
47%
Salvador 12-0 6 février 2008 Anguilla
47%
Trinité-et-Tobago 15-0 10 novembre 2019 Anguilla
47%
Nicaragua 6-0 14 octobre 2018 Anguilla
47%
Guyana 14-0 16 avril 1998 Anguilla
47%
Grenade 14-1 15 avril 1998 Anguilla
47%
Barbade 7-1 24 septembre 2006 Anguilla
47%
Îles vierges américaines 3-0 22 mars 2019 Anguilla
47%
Iran 19-0 24 novembre 2000 Guam
47%
Chine 19-0 26 janvier 2000 Guam
47%
Palestine 11-0 1er avril 2006 Guam
47%
Tadjikistan 16-0 26 novembre 2000 Guam
47%
Vietnam 11-0 23 janvier 2000 Guam
47%
Corée du Nord 21-0 11 mars 2005 Guam
47%
Hong Kong 15-0 7 mars 2005 Guam
47%
Taïwan 10-0 17 juin 2007 Guam
47%
Bhoutan 6-0 3 avril 2003 Guam
47%
Pakistan 9-2 6 avril 2008 Guam
47%
Guatemala 10-0 4 juin 2021 Saint-Vincent-et-les-Grenadines
47%
Zimbabwe 7-0 26 août 1990 Botswana
45%
Jamaïque 12-0 1994, 2004 Îles vierges britanniques, Saint-Martin
45%
Îles Caïmans 5-0 2 et 4 mars 1994 Îles vierges britanniques, Sint Maarten
45%
Saint-Kitts-et-Nevis 10-0 1992, 2018 Montserrat, Saint-Martin
45%
Costa Rica 12-0 10 décembre 1946 Porto Rico
45%
Venezuela 7-0 16 janvier 1959 Porto Rico
45%
Curaçao 14-0 21 décembre 1946 Porto Rico
45%
Îles Salomon 16-0 21 août 1995 Îles Cook
42%
Tahiti 30-0 2 septembre 1971 Îles Cook
42%
Samoa américaines 2-0 4 septembre 2015 Îles Cook
42%
République dominicaine 17-0 14 octobre 2010 Îles vierges britanniques
42%
Montserrat 7-0 9 septembre 2012 Îles vierges britanniques
42%
Dominique 10-0 15 octobre 2010 Îles vierges britanniques
42%
Aruba 7-0 1er juillet 2014 Îles vierges britanniques
42%
Bermudes 13-0 29 février 2004 Montserrat
42%
Saint-Vincent-et-les-Grenadines 11-0 7 mai 1995 Montserrat
42%
Anguilla 4-1 8 février 2001 Montserrat
42%
Australie 31-0 11 avril 2001 Samoa américaines
42%
Papouasie-Nouvelle-Guinée 20-0 15 décembre 1987 Samoa américaines
42%
Samoa 10-0 20 novembre 2023 Samoa américaines
42%
Canada 11-0 29 mars 2021 Îles Caïmans
39%
Cuba 11-0 8 septembre 2018 Îles Turques-et-Caïques
39%
Bahamas 6-0 17 juin 2011 Îles Turques-et-Caïques
39%
Antigua-et-Barbuda 10-0 11 octobre 2011 Îles vierges américaines
39%
Sainte-Lucie 14-1 14 avril 2001 Îles vierges américaines
39%
Îles vierges britanniques 5-0 1999,2000,2004 Porto Rico, Anguilla, Îles vierges américaines
39%
Îles Cook 4-1 1er septembre 2007 Tuvalu
37%
Fidji 24-0 24 août 1979 Kiribati
34%
Vanuatu 18-0 7 juillet 2003 Kiribati
34%
Tonga 7-0 7 juillet 2003 Micronésie
34%
Maurice 15-2 juillet 1950 La Réunion
24%
Porto Rico 9-0 9 septembre 2012 Saint-Martin
24%
Îles turques-et-caïques 5-2 11 octobre 2019 Saint-Martin
24%
Haïti 13-0 10 septembre 2018 Sint Maarten
24%
Macao 6-1 11 mars 2009 Îles Mariannes du Nord
16%
Mongolie 9-0 4 septembre 2018 Îles Mariannes du Nord
16%
Guam 9-0 1er avril 2007 Îles Mariannes du Nord
16%
Aucun quiz correspondant
Distribution des résultats
% des personnes avec chaque résultat
Percentile par nombre de réponses
Votre historique - résultats
Vous n’avez pas pris ce quiz